The Brown Quiz - Statistics

General Stats
  • This quiz has been taken 25 times
  • The average score is 10 of 12
Answer Stats
Picture Answer % Correct
Dog
100%
Fence
100%
Horse
100%
Butterfly
95%
Leaves
91%
Walnut
91%
Giraffe
86%
Violin
86%
Coffee Beans
77%
Cinnamon
73%
Alpaca
68%
Yak
45%
No matching quizzes found
Score Distribution
Percent of People with Each Score
Percentile by Number Answered
Your Score History
You have not taken this quiz